[Event "Mumbai Mayors Cup 4th"]
[Site "Mumbai"]
[Date "2011.09.16"]
[Round "1"]
[White "Raj, Parakh"]
[Black "Rahman, Ziaur"]
[Result "0-1"]
[WhiteElo "1844"]
[BlackElo "2528"]
[PlyCount "74"]
[EventDate "2011.09.16"]
[EventType "swiss"]
[EventRounds "11"]
[EventCountry "IND"]
[SourceTitle "CBM 144 Extra"]
[Source "ChessBase"]
[SourceDate "2011.10.28"]
[SourceVersion "1"]
[SourceVersionDate "2011.10.28"]
[SourceQuality "1"]

1. Nf3 d6 2. d4 Bg4 3. c4 Bxf3 4. gxf3 Nd7 5. Nc3 g6 6. e4 Bg7 7. Be3 e5 8. d5 Ngf6 9. Qd2 Nh5 10. Bh6 Bxh6 11. Qxh6 Qf6 12. Qe3 a6 13. Bh3 Nb6 14. b3 Nf4 15. Bf1 Nd7 16. Ne2 0-0 17. Nxf4 exf4 18. Qc1 c6 19. dxc6 bxc6 20. Bg2 Ne5 21. 0-0 g5 22. Qd1 Kh8 23. Kh1 g4 24. Rc1 c5 25. Rc2 Rg8 26. Rg1 gxf3 27. Bxf3 Rxg1+ 28. Kxg1 Qh6 29. Bg2 f3 30. Bxf3 Rg8+ 31. Bg2 Qh3 32. f4 Nf3+ 33. Kf1 Nxh2+ 34. Kg1 Nf3+ 35. Kf1 Rxg2 36. Qa1+ Rg7+ 37. Rg2 Qxg2# 0-1